Horrid Henry's : (Record no. 7044)

MARC details
000 -LEADER
fixed length control field 02031nam a22003017a 4500
001 - CONTROL NUMBER
control field 7044
003 - CONTROL NUMBER IDENTIFIER
control field FISKH
005 - DATE AND TIME OF LATEST TRANSACTION
control field 20250619105624.0
008 - FIXED-LENGTH DATA ELEMENTS--GENERAL INFORMATION
fixed length control field 250619b cb ||||| |||| 00| 0 eng d
020 ## - INTERNATIONAL STANDARD BOOK NUMBER
International Standard Book Number 9781402217791
040 ## - CATALOGING SOURCE
Original cataloging agency FISKH
Language of cataloging eng
Transcribing agency FISKH
Modifying agency FISKH
050 ## - LIBRARY OF CONGRESS CALL NUMBER
Classification number PZ7.S604 H
082 ## - DEWEY DECIMAL CLASSIFICATION NUMBER
Classification number 823.914
100 ## - MAIN ENTRY--PERSONAL NAME
Personal name Simon, Francesca
Dates associated with a name (1955-)
245 ## - TITLE STATEMENT
Title Horrid Henry's :
Remainder of title Stinkbomb /
Statement of responsibility, etc. Francesca Simon ; Illustrated by Tony Ross
250 ## - EDITION STATEMENT
Edition statement This edition first published in 2009
260 ## - PUBLICATION, DISTRIBUTION, ETC.
Place of publication, distribution, etc. East Peoria :
Name of publisher, distributor, etc. Jabberwocky,
Date of publication, distribution, etc. 2009
300 ## - PHYSICAL DESCRIPTION
Extent 78 pages :
Other physical details illustrations ;
Dimensions 20 cm
505 ## - FORMATTED CONTENTS NOTE
Formatted contents note J<br/>
520 ## - SUMMARY, ETC.
Summary, etc. Juvenile Fiction. Humor (Fiction.) HTML:Age Level: 7 and up | Grade Level: 2 to 5<br/><br/>Horrid Henry and Moody Margaret are a perfect pair. Henry has a secret club that doesn't allow girls in. Margaret has a secret club just for girls, and both Henry and Margaret love to play pranks. But with Perfect Peter and Sour Susan acting as spies, which secret club will win? Plus three other stories that totally don't stink.<br/><br/>Francesca Simon is one of the world's best-loved children's authors. She is the only American to have ever won the Galaxy Book Award, and her creation, Horrid Henry, is the #1 bestselling chapter book series in the UK�with a hit TV show and over fi fteen million copies sold! Each book contains four easy-to-read stories and hilarious illustrations by the one and only Tony Ross, so even the most reluctant of readers won't be able to resist Henry's amazing talent for trouble!<br/><br/>"Will make you laugh out loud."—Sunday Times<br/><br/>Horrid Henry uses a stinkbomb as a toxic weapon in his war with Moody Margaret; uses all his tricks to win the school reading competition; goes on a sleepover; and has the joy of seeing his teacher in hot water with the principal.<br/>
521 8# - TARGET AUDIENCE NOTE
Target audience note 480<br/>
Source Lexile<br/>
521 8# - TARGET AUDIENCE NOTE
Target audience note J<br/>
Source Raz-Plus<br/>
650 ## - SUBJECT ADDED ENTRY--TOPICAL TERM
Source of heading or term Horrid Henry
Topical term or geographic name entry element Newkid
650 ## - SUBJECT ADDED ENTRY--TOPICAL TERM
Source of heading or term Children/Youth
Topical term or geographic name entry element Alicia 4-5
700 ## - ADDED ENTRY--PERSONAL NAME
Personal name Ross, Tony
Dates associated with a name illustrator
942 ## - ADDED ENTRY ELEMENTS (KOHA)
Source of classification or shelving scheme Dewey Decimal Classification
Koha item type Books
Suppress in OPAC No
Holdings
Withdrawn status Lost status Source of classification or shelving scheme Damaged status Not for loan Collection Home library Current library Shelving location Date acquired Total Checkouts Full call number Barcode Date last seen Copy number Price effective from Koha item type
    Dewey Decimal Classification     Juvenile Fiction Footprints International School Library Network Toul Tom Poung Campus Footprints International School Library Network Toul Tom Poung Campus TTP Primary Dark Blue Bookshelves 06/19/2025   SIM 823.914 PZ7.S604 H 2025-1663 06/19/2025 1 06/19/2025 Books